000 00481nam a2200181Ia 4500
003 GCL
008 140319s9999 xx 000 0 eng d
040 _aGCL /
_cGCL
082 0 4 _a617.3
_bR C
100 1 _aRONALD, MCRACE
245 1 0 _aCLINICAL ORTHOPAEDIC EXAMINATION /
_cRONALD, MCRACE
260 _a[S.N] :
_bCHURCHILL LIVINGSTONE
300 _a276 P
650 0 4 _aORTHOPEDICS - DIAGNOSIS
650 0 4 _aJOINT DISEASES
650 0 4 _aORTHOPEDICS - ATLASES
942 _2ddc
_cBK
999 _c21433
_d21433